Lavoine, Balavoine ou les deux? - Statistiques

Statistiques générales
  • Ce quiz a été pris 102 fois
  • Le résultat moyen est 11 sur 15
Statistiques - réponses
Question Réponse % Correct
Est un chanteur français Les deux
98%
Est décédé dans un accident d'hélicoptère Daniel Balavoine
97%
Est vivant Marc Lavoine
97%
A chanté "l'Aziza" Daniel Balavoine
95%
A chanté "Elle a les yeux revolver" Marc Lavoine
94%
Parle d'amour Les deux
92%
A aussi une carrière cinématographique Marc Lavoine
77%
A percé dans les années 80 Les deux
72%
N'est pas un héros Daniel Balavoine
69%
A publié un livre autobiographique Marc Lavoine
62%
A une rue à son nom à Paris Daniel Balavoine
60%
A rempli le Stade de France Aucun des deux
53%
S'est présenté aux Elections Législatives Aucun des deux
42%
Vient du Sud-Ouest Daniel Balavoine
34%
A chanté pour la musique du Grand Bleu de Luc Besson Daniel Balavoine
18%
Aucun quiz correspondant
Distribution des résultats
% des personnes avec chaque résultat
Percentile par nombre de réponses
Votre historique - résultats
Vous n’avez pas pris ce quiz